DNA fingerprinting

Bibliographic Details
Main Author: Kumar, U. (Author)
Format: Book
Language:English
Published: Jodhpur, India, : Agrobios , c2008
Subjects:

MARC

LEADER 00000cam a2200000 7i4500
001 0000055310
005 20100216093000.0
008 080302s2008 ii eng
020 |a 8177543466 
020 |a 9788177543469 
050 0 0 |a RA1057.55   |b .K86 2008 
060 1 0 |a QH 441   |b K95d 2008 
090 0 0 |a QH 441   |b K95d 2008 
100 1 |a Kumar, U. ,   |e author 
245 1 0 |a DNA fingerprinting   |c U. Kumar 
260 |a Jodhpur, India, :   |b Agrobios ,   |c c2008 
300 |a 266 p. :   |b ill, ;   |c 22 cm. 
504 |a Includes bibliographical references and index 
505 0 |a 1. Nucleic acid: DNA -- 2. Concept of DNA fingerprinting -- 3. Techniques of DNA fingerprinting -- 4. Restriction fragment length polymorphism (RFLP) analysis -- 5. Variable numbers pf tandem repeats (VNTRS) -- 6. Amplified fragment length polymorphism PCR or AMPFLP-PCR -- 7. Short tandem repeats (STR) analysis -- 8. Single nucleotide polymorphism (SNP) -- 9. Y-Chromosome analysis -- 10. Mitochondrial analysis -- 11. Applications of DNA fingerprinting 
650 0 |a DNA fingerprinting 
650 1 2 |a DNA Fingerprinting 
999 |a 1000117413   |b Book   |c OPEN SHELF (30 DAYS)   |e Tembila Campus